Devinez ;le personnage Disney/Pixar - Statistiques

Statistiques générales
  • Ce quiz a été pris 204 fois
  • Le résultat moyen est 12 sur 26
Statistiques - réponses
0 Indice Réponse % Correct
M Le père de Simba Mufasa
86%
T L'émotion bleu Tristesse
81%
L Il est un chandelier Lumière
78%
P L'oncle de Donald Picsou
72%
S Le nain qui est muet Simplet
70%
R C'est un jouet dinosaure Rex
69%
J Une cowgirl Jessie
66%
K Un serpent qui peut hypnotiser Kaa
65%
G Elle utilise une jeune fille pour avoir la jeunesse éternelle Gothel
59%
D Un chien sur deux pattes Dingo
57%
I Un perroquet Iago
57%
U Sa soeur est Morgana Ursula
55%
H Un prince qui devient méchant Hans
52%
F Un sorcier vaudou Facilier
44%
A Une princesse maladroite Anna
43%
Y Elle est l'ennemi de Kuzco Yzma
43%
C Le poisson dans Pinocchio Cléo
37%
N Le chien de la famille Darling Nana
37%
V Il collectionne les petites licornes Vladimir
26%
E Personnage de petite taille dans les Indestructibles Edna Mode
25%
Z Elle ressemble aux nièces de Daisy Zaza
18%
B La mère de Judy Hopps Bonnie
8%
O Le voisin de Judy Hopps Oryx-Antlerson
1%
X Elle est apparue dans La Légendes des 3 Caballeros Xandra
1%
Q Elle sont dans les 101 Dalmatiens Les quatres vaches
0%
W Il a 5 oeils Waxford
0%
Aucun quiz correspondant
Distribution des résultats
% des personnes avec chaque résultat
Percentile par nombre de réponses
Votre historique - résultats
Vous n’avez pas pris ce quiz